000
00270nam a22001217a 4500
082
_a
920
_b
PRE/M
100
_a
PREMKUMAR, SUMAN
245
_a
MADAN MOHAN MALAVIYA
260
_a
BANGALORE
_b
VASAN BOOK DEPOT
300
_a
48
650
_a
BIOGRAPHY
_z
BANGALORE
942
_c
BK
999
_c
6142
_d
6142